000
00297nam a22001337a 4500
008
180313b xxu||||| |||| 00| 0 eng d
020
_a
9780590381574
041
_a
eng
080
_a
038
100
_a
23
101
_a
FJA
245
_a
Scholastic dictionary idioms
_c
Terban,M
942
_2
udc
_c
BK
999
_c
44922
_d
44922